|
|
|
|
| LEADER |
00994naa a2200217 i 4500 |
| 001 |
acta83879 |
| 005 |
20240416120302.0 |
| 008 |
240416s2023 hu o 1|| hun d |
| 020 |
|
|
|a 978-963-306-928-8
|
| 040 |
|
|
|a SZTE Egyetemi Kiadványok Repozitórium
|b hun
|
| 041 |
|
|
|a hun
|
| 100 |
1 |
|
|a Panyor Ágota
|
| 245 |
1 |
2 |
|a A lean szemlélet jelentősége az ellátási lánc menedzsmentben
|h [elektronikus dokumentum] :
|b [absztrakt] /
|c Panyor Ágota
|
| 260 |
|
|
|a SZTE Mérnöki Kar
|b Szeged
|c 2023
|
| 300 |
|
|
|a 80
|
| 490 |
0 |
|
|a Műszaki, technológiai és gazdasági kihívások a 21. században : nemzetközi magyar nyelvű tudományos konferencia
|
| 650 |
|
4 |
|a Társadalomtudományok
|
| 650 |
|
4 |
|a Közgazdasági és gazdálkodástudományok
|
| 695 |
|
|
|a Ellátási lánc - előadáskivonat
|
| 711 |
|
|
|a Műszaki, technológiai és gazdasági kihívások a 21. században
|c Szeged
|d 2023. március 31.
|
| 856 |
4 |
0 |
|u http://acta.bibl.u-szeged.hu/83879/1/mtg_kihivasok_konf_2023_080.pdf
|z Dokumentum-elérés
|